Normale Ansicht MARC-Ansicht ISBD

Verhört! : (Titelsatznr. 33097)

[ MARC ]
MARC-Details
000 -Satzkennung
Kontrollfeld mit fester Länge 01023nam a22003251c 4500
001 - Kontrollnummer
Kontrollfeld a987675064
003 - Kontrollnummer Identifier
Kontrollfeld RU-10907106
005 - Datum und Zeit der letzten Transaktion
Kontrollfeld 20211012162712.0
008 - Feld mit fester Länge zur physischen Beschreibung - Allgemeine Angaben
Kontrollfeld mit fester Länge 151207s2015 gw |||| 000u ger d
020 ## - Internationale Standardbuchnummer
Internationale Standardbuchnummer 9783110416046
Verknüpfung 978-3-11-041604-6
040 ## - Katalogisierungsquelle
Übertragungsstelle RU-10907106
Original-Katalogisierungsstelle RU-10907106
Katalogisierungssprache ger
041 ## - Sprachcode
Sprachcode des Textes/der Tonspur oder des separaten Titels ger
245 00 - Titel
Titel Verhört! :
Zusatz zum Titel die Befragungen deutscher Generale und Offiziere durch die sowjetischen Geheimdienste 1945-1952
264 ## - Produktion, Veröffentlichung, Distribution, Herstellung und Urheberrechtsvermerk
Herstellungs-, Veröffentlichungs- Vertriebs-, Erzeugungsort Berlin :
Produzent, Herausgeber, Distributor, Hersteller De Gruyter Oldenbourg,
Datum der Herstellung, der Veröffentlichung, des Vertriebs oder des Urheberschutzvermerks 2015
300 ## - Physische Beschreibung
Umfang 467 S.
490 #0 - Gesamttitelangabe
Gesamttitelangabe Veröffentlichungen des Deutschen Historischen Instituts Moskau
Bandnummer/Folgebezeichnung 6
648 #0 - Nebeneintragung unter einem Schlagwort - Zeitschlagwort
Zeitschlagwort 1945-1952
650 #0 - Nebeneintragung unter einem Schlagwort - Sachschlagwort
Sachschlagwort oder geografischer Name als Eintragungselement Smerš
650 #0 - Nebeneintragung unter einem Schlagwort - Sachschlagwort
Sachschlagwort oder geografischer Name als Eintragungselement Vernehmung
650 #0 - Nebeneintragung unter einem Schlagwort - Sachschlagwort
Sachschlagwort oder geografischer Name als Eintragungselement Offizier
650 #0 - Nebeneintragung unter einem Schlagwort - Sachschlagwort
Sachschlagwort oder geografischer Name als Eintragungselement General
650 #0 - Nebeneintragung unter einem Schlagwort - Sachschlagwort
Sachschlagwort oder geografischer Name als Eintragungselement Deutschland. Wehrmacht
651 #0 - Nebeneintragung unter einem Schlagwort - Geografischer Name
Geografischer Name Sowjetunion
655 #0 - Indexierungsterm - Genre/Form
Genre/Form oder fokussierter Term Quelle
655 #0 - Indexierungsterm - Genre/Form
Genre/Form oder fokussierter Term Publikation DHI Moskau
700 1# - Nebeneintragung - Personenname
Personenname Christoforov, Vasilij Stepanovič
Funktionsbezeichnung HerausgeberIn
700 1# - Nebeneintragung - Personenname
Personenname Makarov, Vladimir G.
Funktionsbezeichnung HerausgeberIn
700 1# - Nebeneintragung - Personenname
Personenname Uhl, Matthias
Funktionsbezeichnung HerausgeberIn
942 ## - Zusätzliche Felder (Koha)
Koha-Medientyp Monographien
Klassifikation oder Aufstellungssystematik Andere/Generische Klassifikation
Exemplare
Ausgeschieden Verloren Klassifikation oder Aufstellungssystematik Beschädigt Nicht entleihbar Heimatbibliothek Aufenthaltsbibliothek Aufstellungsort Erwerbungsdatum Inventarnummer Signatur Barcode Letzte Aktivität Preis gültig von Koha-Medientyp
    Andere/Generische Klassifikation     MWN Osteuropa MWN Osteuropa Lesesaal 07/12/2015 001-122 1-122 Bib. Büro E00401509E32E184 16/03/2021 22/03/2021 Monographien
    Andere/Generische Klassifikation     MWN Osteuropa MWN Osteuropa Lesesaal - 1 27/04/2015 15-01717 D 52 rd Chri 2 E00401506CBDFE64 23/02/2021 22/03/2021 Monographien